Ökonomisches Lexikon

Salvato in:
Dettagli Bibliografici
Natura: Libro
Lingua:tedesco
Pubblicazione: Berlin Wirtschaft 1980
Edizione:3., neu bearb. Aufl.
Tags: Aggiungi Tag
Nessun Tag, puoi essere il primo ad aggiungerne!!

MARC

LEADER 00000nam a2200000 4500
001 c119139
005 20041019155213.3
041 0 |a ger 
044 |a DE 
245 1 0 |a Ökonomisches Lexikon 
250 |a 3., neu bearb. Aufl. 
264 1 |a Berlin  |b Wirtschaft  |c 1980 
300 |a 752 s.